European Countries by Largest Non-Capital City - Statistics

General Stats
  • This quiz has been taken 4,104 times
    4,055 since last reset
  • The average score is 30 of 43
Answer Stats
Largest City Country % Correct
Barcelona Spain
99%
Birmingham United Kingdom
98%
Hamburg Germany
97%
Milan Italy
97%
Marseilles France
96%
Saint Petersburg Russia
96%
Antwerp Belgium
95%
Rotterdam Netherlands
95%
Kraków Poland
95%
Zürich Switzerland
94%
Cork Ireland
93%
Porto Portugal
93%
Thessaloniki Greece
90%
Gothenburg Sweden
89%
Bergen Norway
86%
Split Croatia
82%
Kharkiv Ukraine
80%
Graz Austria
78%
Aarhus Denmark
78%
Brno Czech Republic
71%
Les Escaldes Andorra
67%
Cluj-Napoca Romania
65%
Kaunas Lithuania
63%
Novi Sad Serbia
63%
Esch-sur-Alzette Luxembourg
61%
Espoo Finland
60%
Košice Slovakia
59%
Plovdiv Bulgaria
57%
Banja Luka Bosnia and Herzegovina
55%
Debrecen Hungary
55%
Tiraspol Moldova
55%
Maribor Slovenia
54%
Tartu Estonia
53%
Daugavpils Latvia
50%
Nikšić Montenegro
50%
Durrës Albania
49%
Schaan Liechtenstein
49%
Akureyri Iceland
47%
Birkirkara Malta
41%
Prizren Kosovo
40%
Homel Belarus
39%
Bitola Macedonia
37%
Dogana San Marino
33%
No matching quizzes found
Score Distribution
Percent of People with Each Score
Percentile by Number Answered
Your Score History
You have not taken this quiz since the last reset